Phương pháp tính : Dùng cho các trường đại học kĩ thuật

Giáo trình phương pháp tính: sai số, tính gần đúng nghiệm của một phương tình của một hệ phương trình đại số tuyến tính phép nội suy, tính gần đúng đạo hàm và tích phân xác định, tính gần đúng nghiệm của bài toán Côsi đối với phương tri...

Volledige beschrijving

Bewaard in:
Bibliografische gegevens
Hoofdauteur: Tạ, Văn Đĩnh
Formaat: Boek
Taal:Undetermined
Gepubliceerd in: Hà Nội Giáo Dục 2000
Onderwerpen:
Tags: Voeg label toe
Geen labels, Wees de eerste die dit record labelt!
Thư viện lưu trữ: Trung tâm Học liệu Trường Đại học Cần Thơ
LEADER 01022nam a2200229Ia 4500
001 CTU_41410
008 210402s9999 xx 000 0 und d
082 |a 515 
082 |b Đ312 
100 |a Tạ, Văn Đĩnh 
245 0 |a Phương pháp tính : 
245 0 |b Dùng cho các trường đại học kĩ thuật 
245 0 |c Tạ Văn Đĩnh 
260 |a Hà Nội 
260 |b Giáo Dục 
260 |c 2000 
520 |a Giáo trình phương pháp tính: sai số, tính gần đúng nghiệm của một phương tình của một hệ phương trình đại số tuyến tính phép nội suy, tính gần đúng đạo hàm và tích phân xác định, tính gần đúng nghiệm của bài toán Côsi đối với phương trình vi phân thường 
526 |a Giải tích số 
526 |b SP082 
650 |a Calculus 
904 |i Trọng Hải 
980 |a Trung tâm Học liệu Trường Đại học Cần Thơ